000 01171nam0a2200313 4500
001 RU\NLR\bibl\1302811
005 20260405231618.0
010 _a978-5-9221-0952-9
_91000
021 _aRU
_b2008-77680
_94501
035 _a(NLR Aleph) 001288372
090 _a543383
_c543383
100 _a20081204d2008 |||y0rusy50 ca
101 0 _arus
102 _aRU
105 _aa |||||||||
200 1 _aАстрономия
_e[учебное пособие]
_fА.В. Засов, Э.В. Кононович
210 _aМосква
_cФИЗМАТЛИТ
_d2008
215 _a254 с., [4] л. цв. ил.
_cил.
_d23
606 1 _aАстрономия
_jУчебные издания
_9948735
_3RU\NLR\auth\6633617
686 _aВ6я7
700 1 _4070
_7ca
_8rus
_aЗасов
_bА. В.
_f1941-
_gАнатолий Владимирович
_918973
_3RU\NLR\AUTH\7735979
701 1 _4070
_7ca
_8rus
_aКононович
_bЭ. В.
_f1931-
_gЭдвард Владимирович
_988438
_3RU\NLR\AUTH\77105513
801 0 _aRU
_bNLR
_c20081204
_gRCR
801 1 _aRU
_bNLR
_c20081204
830 _aАвт. по кн.
942 _cBOOK
980 _aNB